N° des joueurs de l'OL 2020-2021 - Statistiques

Statistiques générales
  • Ce quiz a été pris 78 fois
  • Le résultat moyen est 10 sur 22
Statistiques - réponses
Joueurs % Correct
1 Anthony Lopes
99%
8 Houssem Aouar
71%
10 Menphis Depay
67%
9 Moussa Dembele
66%
5 Jason Denayer
56%
14 Léo Dubois
56%
2 Sinaly Diomandé
56%
7 Karl Toko Ekambi
53%
25 Maxence Caqueret
53%
11 Tino Kadewere
50%
39 Bruno Guimaraes
49%
6 Marcelo
49%
18 Rayan Cherki
49%
12 Lucas Paqueta
47%
27 Maxwel Cornet
40%
23 Thiago Mendes
40%
30 Julian Pollersbeck
27%
3 Djamel Benlamri
17%
26 Melvin Bard
17%
22 Mattia De Sciglio
14%
4 Jea Lucas
10%
19 Cenk Özkacar
4%
Aucun quiz correspondant
Distribution des résultats
% des personnes avec chaque résultat
Percentile par nombre de réponses
Votre historique - résultats
Vous n’avez pas pris ce quiz